书目信息 |
| 题名: |
三级训练体系作文课本教学研究
|
|
| 作者: | 高原 , 刘朏朏 著 | |
| 分册: | 第六册 | |
| 出版信息: | 北京 北京师范大学出版社 1988 |
|
| 页数: | 179页 | |
| 开本: | 19cm | |
| 丛书名: | ||
| 单 册: | ||
| 中图分类: | G633.34 | |
| 科图分类: | ||
| 主题词: | 中学--作文课 | |
| 电子资源: | ||
| ISBN: | 7-81014-128-7 | |
| 000 | 00626nam0 2200205 45 | |
| 001 | 0405091676 | |
| 005 | 20050408085409.4 | |
| 010 | @a7-81014-128-7@dCNY1.30 | |
| 100 | @a20040509d1988 km y0chiy0120 ea | |
| 101 | 0 | @achi |
| 105 | @a z 000yy | |
| 200 | 1 | @a三级训练体系作文课本教学研究@ASan Ji Xun Lian Ti Xi Zuo Wen Ke Ben Jiao Xue Yan Jiu@h第六册@f高原,刘朏朏著@FGao Yuan,Liu Ku Ku Zhu |
| 210 | @a北京@c北京师范大学出版社@d1988 | |
| 215 | @a179页@d19cm | |
| 606 | 0 | @a中学@x作文课 |
| 690 | @aG633.34@v3 | |
| 701 | 0 | @a高原@4著 |
| 701 | 0 | @a刘朏朏@4著 |
| 801 | @aCN@bTSTCL@c20040509 | |
| 905 | @dG633.34@e235@f1@b253068 | |
| 三级训练体系作文课本教学研究.第六册/高原,刘朏朏著.-北京:北京师范大学出版社,1988 |
| 179页;19cm |
| ISBN 7-81014-128-7:CNY1.30 |
| ● |
| 相关链接 |
|
|
|
|
正题名:三级训练体系作文课本教学研究
索取号:G633.34/235
 
预约/预借
| 序号 | 登录号 | 条形码 | 馆藏地/架位号 | 状态 | 备注 |
| 1 | 0253067 | 000260498 | 密集书库/ [索取号:G633.34/235] | 在馆 | |
| 2 | 0253068 | 002023937 | 密集书库/ [索取号:G633.34/235] | 在馆 | |
| 3 | 0253069 | 000260568 | 密集书库/ [索取号:G633.34/235] | 在馆 | |
| 4 | 0253070 | 000260540 | 密集书库/ [索取号:G633.34/235] | 在馆 | |
| 5 | 0253071 | 000260559 | 第一样本阅览室/ [索取号:G633.34/235] | 在馆 |